000 00871cam a2200217 4500
008 000000n2000 000 0 eng u
035 _a(Sirsi) u106101
245 _aNew property service
260 _c2000
490 _aEstate Agency News
_v(156) May 2000, (9)
520 _aTerritorium, a new online property service, is due to be launched soon. The internet-based service facilitates instant communication between estate agents, surveyors and solicitors. All the information required for searches and property transactions will be available online and will allow the instant transfer of all documentation.
590 _aWB
650 _aINTERNET
650 _aCONVEYANCING
650 _aSURVEYORS
650 _aESTATE AGENTS
650 _aPROPERTY SEARCHES
650 _aPROPERTY TRANSACTIONS
690 _aINFORMATION TECHNOLOGY-INTERNET
942 _n0
999 _c63565
_d63565